|
|
|
|
| LEADER |
00978nam a2200241 a 4500 |
| 001 |
3941664 |
| 008 |
100922s1994 nyua b 001 0 eng d |
| 010 |
|
|
|a 93015050
|
| 020 |
|
|
|a 0024154415
|
| 040 |
|
|
|a DLC
|c DLC
|d DLC
|d DB-DhAAL
|
| 082 |
0 |
0 |
|a 004.6
|2 20
|
| 100 |
1 |
|
|a Stallings, William.
|
| 245 |
1 |
0 |
|a Data and computer communications /
|c William Stallings.
|
| 250 |
|
|
|a 4th ed.
|
| 260 |
|
|
|a New York :
|b Macmillan Pub. Co. ;
|a Toronto :
|b Collier Macmillan Canada ;
|a New York :
|b Maxwell Macmillan International,
|c c1994.
|
| 300 |
|
|
|a xv, 875 p. :
|b col. ill. ;
|c 25 cm.
|
| 504 |
|
|
|a Includes bibliographical references (p. 845-860) and index.
|
| 541 |
1 |
|
|e 00010290
|
| 650 |
|
0 |
|a Data transmission systems.
|
| 650 |
|
0 |
|a Computer networks.
|
| 852 |
4 |
|
|a Ayesha Abed Library
|j General Shelf.
|
| 999 |
|
|
|c 9512
|d 9512
|
| 952 |
|
|
|0 0
|1 0
|2 ddc
|4 0
|6 004_600000000000000_STA_1994
|7 0
|9 11948
|a BRACUL
|b BRACUL
|c GEN
|d 2010-09-22
|l 5
|m 21
|o 004.6 STA
|p 3010010290
|r 2026-01-12
|s 2026-01-09
|t 1
|w 2010-09-22
|y BK
|